|
|
|
|
| LEADER |
00000nab a2200000 i 4500 |
| 001 |
publ982 |
| 005 |
20220106115129.0 |
| 008 |
220106s1983 hu o 000 zxx d |
| 040 |
|
|
|a BGE Publikációtár Repozitórium
|b hun
|
| 100 |
1 |
|
|a Losoncz Miklós
|
| 245 |
1 |
3 |
|a Az OECD-országok külkereskedelmének fő vonásai a hetvenes években
|c Losoncz Miklós
|h [elektronikus dokumentum]
|
| 260 |
|
|
|c 1983
|
| 300 |
|
|
|a 41-47
|
| 490 |
0 |
|
|a Iparpolitikai Tájékoztató
|v 1983 No. 6
|
| 650 |
|
4 |
|a közgazdaságtudományok
|
| 695 |
|
|
|a OECD országok
|
| 695 |
|
|
|a Külkereskedelem
|
| 856 |
4 |
0 |
|u https://publikaciotar.uni-bge.hu/id/eprint/982/1/Az%20OECD-orsz%C3%A1gok%20....pdf
|z Dokumentum-elérés
|